| 000 | 00757nam a22002297a 4500 | ||
|---|---|---|---|
| 008 | 131205b xxu||||| |||| 00| 0 eng d | ||
| 020 | _a0199249369 | ||
| 041 | 0 | _aeng | |
| 080 |
_a341.24 _x(4) (049.2) |
||
| 245 | 0 | 0 | _aRudden and Wyatt's EU treaties and legislation / |
| 246 | 3 | 0 | _aEU treaties and legislation |
| 250 | _a8th ed. | ||
| 260 |
_aOxford ; _aNew York : _bOxford University Press, _cc2002. |
||
| 300 |
_a408 . ; _c25 cm. |
||
| 500 | _aPreface : f. [V]-VI | ||
| 650 | 0 |
_aLigji _zVendet e Bashkimit Evropian. |
|
| 650 | 0 |
_aLigji Komercial _zVendet e Bashkimit Evropian. |
|
| 650 | 0 |
_aVendet e Bashkimit Evropian. _xTraktatet komerciale. |
|
| 700 | 1 | _aRudden, Bernard. | |
| 700 | 1 | _aWyatt, Derrick. | |
| 942 |
_2udc _cBK |
||
| 999 |
_c390 _d390 |
||